000 00570cam a22002171 4500
001 he 68003867
003 DLC
005 20260227111507.0
008 760305s1966 xx 000 0 rom
010 _ahe 68003867
035 _a(OCoLC)2032618
040 _aDLC
_cOCH
_dOrPS
_dDLC
042 _apremarc
050 0 0 _aPC840.13.O35
_bF8
100 1 _aCohn, Filip.
245 1 0 _aFurtuna;
_broman.
260 _aTel-Aviv,
_bV. Montaureanu,
_c1966.
300 _a224 p.
_c17 cm.
490 0 _aBiblioteca "Cultura,"
_vno. 9
500 _aContinued by the author's Ancheta.
999 _c34002
_d34002